| 000 | 00391pab a2200169 454500 | ||
|---|---|---|---|
| 008 | 180718b2014 xxu||||| |||| 00| 0 eng d | ||
| 100 | _aWasserstrom, Jeffrey | ||
| 245 | _aChina and globalization | ||
| 260 | _c2014 | ||
| 300 | _ap.157-169. | ||
| 362 | _aSpring | ||
| 650 | _aGlobalization - China | ||
| 650 | _aGlobalization | ||
| 773 | _aDaedalus | ||
| 908 | _aN | ||
| 909 | _a104208 | ||
| 999 |
_c104204 _d104204 |
||